004210000a2200109000450024501000000004100140010070000250011470000190013970000280015810000190018677301060020510aEstudio bioecológico de la ictiofauna del enfasis en la trucha arco iris, Oncorhynchus mykiss0 aEspañol1 aTéllez, Luz Stella1 aCala, Plutarco1 aGuillot Monroy, Gabriel1 aMora, Gilberto1 tRevista de la Academia Colombiana de Ciencias Exactas, Fisicas y Naturales332h70q409-422d1992g18